000 01051nam a2200241Ia 4500
001 880.9-MAN va ma (19342)
003 IT-MiSPE
008 171229s9999||||xx |||||||||||||| ||und||
040 _aIT-MiSPE
_cIT-MiSPE
041 _aITALIANO
100 _aValerio M. Manfredi
245 0 _aMare greco
_bEroi ed esploratori del Mediterraneo antico
250 _a1a ed. (v)
260 _aMilano
_bMondadori
_c1994
300 _a233 p.
_c20 cm
490 _aBestsellers saggi
_v123
501 _aEdizioni San Paolo srl - Piazza Soncino, 5 - 20092 CINISELLO BALSAMO (MI) (non commercial uses only) ® Copyright 2018
520 _aTav., cart. geo.
700 _aLorenzo Braccesi
942 _cBK
957 _71
999 _a5750
_bNO
_g Copie: 1
_c355103
_d355103